[Event "Chigorin Mem. Russian Cup 2017"]
[Site "St. Petersburg"]
[Date "2017.10.23"]
[Round "3"]
[White "Gordievsky, Dmitry"]
[Black "Vokhidov, Shamsiddin"]
[Result "1-0"]
[WhiteElo "2605"]
[BlackElo "2399"]
[Annotator "TA"]
[PlyCount "125"]
[EventDate "2017.??.??"]
[EventType "swiss"]
[EventCountry "RUS"]
[SourceTitle "playchess.com"]
[Source "ChessBase"]
[SourceQuality "1"]

{[%evp 16,125,2,-12,-2,-28,-22,-38,-29,-45,-51,-45,-44,-67,-55,-50,-51,-63,-41,-45,-33,-47,-44,-44,-41,-67,-32,-56,-37,-58,-38,-39,-26,-35,-23,-49,-11,-55,-19,0,-12,-14,0,0,64,54,55,37,46,39,45,43,365,368,360,372,390,388,385,368,376,329,339,327,339,325,327,324,327,327,374,322,321,321,321,307,304,303,352,343,353,319,391,394,364,318,306,286,408,433,420,420,483,481,458,458,517,511,617,599,641,606,861,844,803,801,785,770,900,819,739,735]} 1. Nf3 c5 2. c4 Nc6 3. Nc3 Nf6 4. g3 d5 5. cxd5 Nxd5 6. Bg2 g6 7. d3 Bg7 8. Bd2 O-O {A34: Symmetrical English: 2 Nc3, lines with ...d5} 9. h4 {LiveBook: 6 Games} Nf6 $146 ({Predecessor:} 9... h5 10. Rc1 b6 11. Ng5 e6 12. O-O Bb7 13. Nge4 Qd7 14. a3 Rac8 15. e3 Rfd8 16. Nxd5 exd5 {½-½ (57) Bacrot,E (2718)-Leko,P (2723) Beijing 2014}) 10. Rc1 Bg4 {Black has an edge.} 11. Qa4 Rc8 12. Be3 b6 13. O-O Bd7 14. Qd1 Ng4 15. Bg5 Be6 16. Bf4 Nf6 17. Qd2 Qd7 18. Rfd1 Rfd8 19. Bh6 Bh8 20. Qe1 Nd4 21. Ne5 Qe8 $1 22. Bd2 Ng4 23. Nc4 Qd7 24. b3 Bg7 25. Qf1 Ne5 26. Be1 Nec6 27. e3 Nf5 28. Ne2 Nd6 29. Bc3 Nb5 ({Black should try} 29... Bxc3 $11 30. Nxc3 Nf5) 30. Bxg7 $14 Kxg7 31. d4 $36 {[%mdl 2048] White has some pressure.} cxd4 32. a4 Nd6 33. Nxd6 Qxd6 $4 {[%mdl 8192]} (33... exd6 $14 34. Rxc6 Rxc6) 34. Rxc6 $1 $18 Rxc6 35. Rxd4 Qc7 {[#] aiming for ...Rxd4.} 36. Bxc6 Bxb3 37. Rxd8 Qxd8 38. Qa1+ f6 39. Qd4 Qc7 40. Qd7 Qxd7 41. Bxd7 Kf7 42. Nd4 Ba2 43. Bb5 Bd5 44. Kf1 e5 45. Nc2 Ke6 46. Ke2 Kd6 47. Kd3 Kc5 48. Kc3 g5 49. Nb4 Bf3 50. Nd3+ Kd6 51. Ne1 Bb7 (51... Bd1 $142 52. Kd2 Bg4) 52. hxg5 fxg5 53. g4 h6 54. Be2 {White is clearly winning.} Bc6 55. Bd1 Bd7 56. e4 a5 57. Kc4 Kc6 58. Nd3 Be6+ 59. Kc3 Kd6 60. Nb2 Kc5 61. f3 Bf7 62. Bb3 Be8 63. Nc4 {Precision: White = 59%, Black = 45%.} 1-0

[Event "Chigorin Mem. Russian Cup 2017"]
[Site "St. Petersburg"]
[Date "2017.10.23"]
[Round "3"]
[White "Vorobiov, Evgeny E"]
[Black "Gubajdullin, Alexei"]
[Result "1-0"]
[WhiteElo "2555"]
[BlackElo "2391"]
[Annotator "TA"]
[PlyCount "109"]
[EventDate "2017.??.??"]
[EventType "swiss"]
[EventCountry "RUS"]
[SourceTitle "playchess.com"]
[Source "ChessBase"]
[SourceQuality "1"]

{[%evp 22,109,108,106,106,106,106,99,124,97,109,101,101,103,177,127,127,127,127,131,138,131,137,126,126,126,128,126,157,142,151,128,161,147,237,229,374,209,209,206,273,202,295,279,265,255,275,157,180,0,258,220,261,210,215,203,256,185,265,242,290,168,368,335,341,343,327,318,406,319,340,375,356,351,481,291,510,516,509,500,510,494,576,535,29985,29986,29996,29997,29997,580]} 1. d4 g6 2. c4 Bg7 3. e4 d6 4. Nc3 Nf6 5. Be2 O-O 6. Nf3 Bg4 7. Be3 Nfd7 8. Rc1 c5 {E91: King's Indian: Classical: 6 Be2, unusual replies including 6...c5 and 6...Bg4} 9. d5 b5 10. cxb5 a6 11. a4 {[%cal Ba2a4,Ba4b5][%mdl 32]} axb5 12. axb5 {LiveBook: 8 Games} Qa5 13. O-O Qb4 14. Qc2 Bxf3 15. Bxf3 Ne5 {[#]} 16. Be2 $1 Nc4 $146 17. Bg5 {Hoping for Bxc4.} h6 (17... f6 $16) 18. Bxe7 Re8 19. Bxc4 {aiming for Ra1.} Rxe7 20. Be2 Rea7 21. Bg4 h5 22. Bh3 Bd4 23. g3 Kg7 24. Rfe1 Ra5 25. Kg2 R8a7 26. Re2 Ra1 27. Rce1 c4 (27... Rxe1 $16 {was worth a try.} 28. Rxe1 Rb7) 28. Qd2 $18 Bf6 (28... Bxc3 {was called for.} 29. bxc3 (29. Qxc3+ Qxc3 30. bxc3 Rxe1 $18) 29... Qxb5) 29. Qe3 (29. e5 $142 Bxe5 30. Rxe5 dxe5 31. Rxa1 Rxa1 32. d6) 29... Rxe1 30. Rxe1 Re7 31. Qd2 Qa5 (31... Rb7 $142 32. Re2 Bxc3 33. bxc3 (33. Qxc3+ Qxc3 34. bxc3 Rxb5 $18) 33... Qxb5 34. Qd4+ f6) 32. Re2 Qa7 33. Qc2 Qa5 34. Nb1 (34. f4 $18) 34... Rc7 {[#]} 35. Nc3 (35. f4 $142 $1) 35... Re7 $1 36. Qc1 Qa7 37. Qd1 Qa5 38. Qe1 Bd4 39. Rc2 Bf6 (39... Bxc3 $142 40. Qxc3+ Qxc3 41. bxc3 Rxe4) 40. Qe2 Rc7 41. Nb1 (41. f4 $142) 41... Qa2 $2 (41... Qxb5 42. Na3 Qb3 43. Rxc4 (43. Nxc4 Na6 $16) 43... Na6 44. Rxc7 Nxc7) 42. Nd2 c3 43. Qd3 Qa1 44. bxc3 Qd1 45. Ra2 Rxc3 46. Qf1 Qxf1+ 47. Kxf1 Bd4 48. Ke2 f5 $2 (48... Rc7 49. Kd3 Bc5) 49. exf5 Nd7 50. Ne4 Rb3 51. fxg6 Nb6 52. Nxd6 Be5 53. Ra7+ {White mates.} Kxg6 54. Bf5+ Kf6 55. Rf7+ {Precision: White = 49%, Black = 38%.} 1-0

[Event "Chigorin Mem. Russian Cup 2017"]
[Site "St. Petersburg"]
[Date "2017.10.23"]
[Round "3"]
[White "Levin, Evgeny A"]
[Black "Zhang, Ziji"]
[Result "1/2-1/2"]
[WhiteElo "2545"]
[BlackElo "2387"]
[Annotator "TA"]
[PlyCount "102"]
[EventDate "2017.??.??"]
[EventType "swiss"]
[EventCountry "RUS"]
[SourceTitle "playchess.com"]
[Source "ChessBase"]
[SourceQuality "1"]

{[%evp 22,102,56,52,39,54,54,56,39,20,22,41,31,28,28,28,48,22,41,42,53,35,40,39,40,0,246,225,219,234,242,221,206,144,106,193,428,400,581,572,653,543,581,545,826,815,697,547,388,85,105,0,0,0,0,0,0,0,0,0,0,0,0,0,0,0,0,0,0,0,0,0,0,0,0,0,0,0,0,0,0,0,0]} 1. d4 d5 2. c4 c6 3. Nf3 Nf6 4. e3 Bf5 5. Nc3 e6 6. Nh4 Bg6 7. Nxg6 hxg6 8. Bd3 Nbd7 {D12: Slav Defence: 3 Nf3 Nf6 4 e3 Bf5} 9. O-O Bd6 10. h3 O-O (10... Qe7 11. e4 dxe4 12. Bxe4 O-O 13. Bg5 Qd8 14. Re1 Qc7 15. Qf3 Bb4 {1-0 (38) Kramnik,V (2808)-Giri,A (2771) Leuven 2017}) 11. c5 Bc7 12. b4 {LiveBook: 3 Games} a6 13. f4 Nh7 $146 ({Predecessor:} 13... b6 14. cxb6 Bxb6 15. Na4 a5 16. Bd2 axb4 17. Bxb4 {1-0 (59) Sandipan,C (2585)-Muthaiah,A (2308) Mumbai 2016}) 14. a4 f5 15. Bd2 g5 16. b5 axb5 17. axb5 Ndf6 18. Rxa8 Qxa8 19. Qa1 gxf4 20. exf4 Ba5 21. Qb2 $36 {[%mdl 2048] White is more active.} Bxc3 22. Bxc3 Ne4 23. Bxe4 dxe4 $2 (23... fxe4 $11 {and Black stays safe.} 24. Ra1 Qc8) 24. d5 $1 $18 exd5 25. Ra1 Qe8 26. Bxg7 Rf7 27. Be5 {And now Qf2 would win.} Nf8 28. Ra3 (28. bxc6 $16 bxc6 29. Qe2) 28... Ng6 $2 (28... Kh7 29. Qe2 Kh6) 29. Rg3 Kh7 (29... Rd7 {was called for.} 30. Rg5 Kh7) 30. Qe2 {[#] Intending Qh5+ and mate.} Qf8 31. bxc6 ({Stronger than} 31. Qh5+ Qh6 $11) 31... bxc6 32. Bd6 ({Inferior is} 32. Qh5+ Qh6 $17) 32... Qg7 33. Rg5 d4 {[%cal Bd5d4,Bd4d3,Bd3d2][%mdl 32]} 34. Be5 d3 35. Qa2 $2 (35. Qd1 $18 {and White stays clearly on top.} Qf8 36. Bd6) 35... Qf8 $16 36. Qe6 ({Better is} 36. Rh5+ $16 Kg8 37. Rg5) 36... Nxe5 $11 {The position is equal.} ({Not} 36... Qxc5+ 37. Kh2 Nxe5 38. fxe5 Qf8 39. Qg6+ Kh8 40. Rh5+ Qh6 41. Rxh6+ Rh7 42. Rxh7#) 37. fxe5 {[%mdl 4096] [#] Endgame White threatens Qg6+ and mate. KQR-KQR} Kh8 $1 38. Rh5+ Kg8 39. Rxf5 d2 40. Rg5+ Kh8 41. Rh5+ Rh7 42. Rxh7+ Kxh7 {KQ-KQ} 43. Qd7+ Kg8 44. Qxd2 {Hoping for Qg5+.} Qxc5+ 45. Kf1 {Threatens to win with Qg5+.} Qxe5 46. Qd8+ Kf7 47. Qd7+ Kf8 48. Qxc6 Qa1+ 49. Kf2 Qd4+ 50. Ke2 Qd3+ 51. Ke1 Qe3+ {Precision: White = 60%, Black = 76%.} 1/2-1/2

[Event "Chigorin Mem. Russian Cup 2017"]
[Site "St. Petersburg"]
[Date "2017.10.23"]
[Round "3"]
[White "Moiseenko, Vadim"]
[Black "Vastrukhin, Oleg"]
[Result "1-0"]
[WhiteElo "2543"]
[BlackElo "2386"]
[Annotator "TA"]
[PlyCount "75"]
[EventDate "2017.??.??"]
[EventType "swiss"]
[EventCountry "RUS"]
[SourceTitle "playchess.com"]
[Source "ChessBase"]
[SourceQuality "1"]

{[%evp 16,75,37,33,38,50,57,57,43,29,30,34,29,24,25,29,68,65,76,69,70,76,69,51,33,33,40,40,31,7,108,100,96,96,104,100,212,212,212,212,271,258,270,262,371,363,413,404,421,389,400,353,403,377,807,808,975,989,935,861,1157,1148]} 1. d4 g6 2. c4 Bg7 3. e4 d6 4. Nc3 e5 5. Nf3 exd4 6. Nxd4 Nc6 7. Nxc6 bxc6 8. Be3 Ne7 9. Bd4 {LiveBook: 16 Partien. A42: Moderne Verteidigung (mit c2-c4/ohne Sf6)} Bxd4 10. Qxd4 O-O 11. c5 {Weiß steht etwas besser.} dxc5 12. Qxd8 $146 (12. Qxc5 {seems wilder.} Qd6 13. Qg5 Qb4 14. Rb1 f6 15. Qg3) ({Vorgänger:} 12. Qxc5 Qd6 13. Qxd6 cxd6 14. O-O-O Rd8 15. Rd2 Be6 16. Be2 Rd7 {1-0 (44) Aronian,L (2770)-Andreikin,D (2723) Sochi 2015}) 12... Rxd8 13. Na4 {[#]} c4 $1 {[%mdl 512]} 14. Rc1 (14. Bxc4 Rd4) 14... Be6 15. f3 Rab8 16. Bxc4 Rd4 17. Bxe6 Rxa4 18. Bb3 Rab4 19. Rc5 R8b5 20. Rxb5 cxb5 $14 {[%mdl 4096] Endspiel KTL-KTS} 21. Kd2 {Kc3 ist eine echte Drohung.} a5 22. Rc1 c6 {[#]} (22... a4 $11 {bleibt in der Remisbreite.} 23. Rxc7 (23. Kc3 c5 $11) 23... axb3) 23. Rc5 $1 $16 {zielt auf Kc3 ab.} Rd4+ 24. Kc3 Rd7 25. a4 b4+ (25... bxa4 $16 26. Bxa4 Ra7) 26. Kc2 $18 Ra7 27. g4 {[%cal Bg2g4,Bg4g5][%mdl 32]} Kg7 28. g5 f6 29. h4 f5 (29... Ra8 $142 30. gxf6+ Kxf6) 30. Kd3 fxe4+ 31. fxe4 Kf8 32. Be6 Ke8 33. Kd4 Kd8 34. Rc1 Kc7 $2 (34... c5+ 35. Rxc5 Ra8) 35. Kc5 {Weiß steht klar auf Gewinn.} Nc8 36. Rd1 Nb6 37. b3 Kb7 38. Rd6 {Precision: Weiß = 86%, Schwarz = 42%.} 1-0

[Event "Chigorin Mem. Russian Cup 2017"]
[Site "St. Petersburg"]
[Date "2017.10.23"]
[Round "3"]
[White "Liu, Yan"]
[Black "Sjugirov, Sanan"]
[Result "1/2-1/2"]
[WhiteElo "2422"]
[BlackElo "2650"]
[Annotator "TA"]
[PlyCount "107"]
[EventDate "2017.??.??"]
[EventType "swiss"]
[EventCountry "RUS"]
[SourceTitle "playchess.com"]
[Source "ChessBase"]
[SourceQuality "1"]

{[%evp 23,107,-4,0,-8,-10,-21,-13,-29,-11,-21,-44,-45,-61,-57,-38,-28,-30,-43,14,-64,0,0,1,-16,-16,-27,-15,-15,-15,-20,8,-5,-5,-5,-4,-12,-8,-12,-4,-12,-8,-12,-4,-16,0,-5,0,-4,0,0,0,-4,0,-4,0,0,0,0,0,-4,-4,-5,-4,-5,-3,-4,-4,-4,-4,-4,0,0,0,0,0,0,0,0,0,0,0,0,0,0,0,0]} 1. d4 Nf6 2. Nf3 d5 3. c4 e6 4. e3 b6 5. b3 Bb7 6. Bd3 Bd6 7. O-O O-O 8. Bb2 Nbd7 9. Nc3 a6 10. Qe2 Ne4 11. Rac1 f5 {E14: Queen's Indian: Classical Variation (4 e3)} 12. Na4 Qe7 {LiveBook: 4 Games} 13. Rc2 dxc4 14. bxc4 c5 15. Rcc1 $146 ({Predecessor:} 15. Rd1 Rad8 16. Nc3 Kh8 17. d5 Nxc3 18. Bxc3 exd5 19. cxd5 b5 {0-1 (44) Adler,J (2315)-Davies,N (2460) London 1992}) 15... Rad8 16. Rfd1 Bc7 17. Bc2 Qe8 18. Nc3 Nxc3 19. Bxc3 Qh5 {Strongly threatening ...Bxh2+!} 20. h3 Nf6 ({Better is} 20... g5 $15) 21. Re1 (21. dxc5 $11 bxc5 22. Rxd8 Rxd8 23. Rd1) 21... Ne4 (21... g5 $1 $15) 22. Bxe4 $11 Bxe4 23. Ne5 (23. dxc5 {is more complex.} bxc5 24. Nd2 Qxe2 25. Rxe2 Bd3 26. Ree1) 23... Qxe2 24. Rxe2 Bxe5 25. dxe5 {The position is equal.} Bd3 26. Rb2 Bxc4 27. Rxb6 Bxa2 28. Rxa6 Bd5 29. Ra5 c4 30. f3 Ra8 31. Rca1 Rxa5 32. Rxa5 {[%mdl 4096] Endgame KRB-KRB} Rb8 33. Bd4 Kf7 34. Ra7+ Kg6 35. Kf2 Rb1 36. Rc7 Rd1 37. Bc5 {[#] Hoping for Bf8.} Rb1 38. Bf8 Rb7 39. Rxb7 Bxb7 {KB-KB} 40. Bb4 Kh5 41. Kg3 g5 42. Bd2 Bc6 43. Bc3 Ba4 44. Bd2 Bc2 45. Be1 Bd3 46. Bd2 Kg6 47. h4 h6 48. hxg5 hxg5 49. Kf2 g4 50. Kg3 Be2 51. Kf4 Kf7 52. e4 gxf3 53. gxf3 fxe4 54. Kxe4 {Precision: White = 49%, Black = 62%.} 1/2-1/2

[Event "Chigorin Mem. Russian Cup 2017"]
[Site "St. Petersburg"]
[Date "2017.10.23"]
[Round "3"]
[White "Gaifullin, Artur"]
[Black "Sethuraman, S P"]
[Result "0-1"]
[WhiteElo "2414"]
[BlackElo "2632"]
[Annotator "TA"]
[PlyCount "50"]
[EventDate "2017.??.??"]
[EventType "swiss"]
[EventCountry "RUS"]
[SourceTitle "playchess.com"]
[Source "ChessBase"]
[SourceQuality "1"]

{[%evp 15,50,25,15,5,24,0,1,-15,-9,-16,-16,-12,-21,-87,-87,-64,-83,-80,-73,-61,-65,-65,-69,-65,-72,-158,-165,-528,-532,-771,-752,-2574,-2150,-29967,-29970,-29997,-29992]} 1. Nf3 c5 2. e3 g6 3. d4 Bg7 4. Be2 Nf6 5. O-O b6 6. c4 O-O 7. Nc3 cxd4 {E61: King's Indian: Early deviations for White, including Smyslov System} 8. exd4 Bb7 {LiveBook: 6 Games} 9. Bg5 h6 {The position is equal.} 10. Bf4 $146 ({Predecessor:} 10. Bh4 Ne4 11. Nxe4 Bxe4 12. Re1 f5 {½-½ (32) Stoma,P (2365)-Lysyj,I (2663) Warsaw 2016}) 10... d5 11. Re1 Nc6 12. Ne5 Rc8 13. Bf3 {[%cal Rc4d5]} dxc4 14. Qa4 (14. Qd2 $11) 14... Qxd4 $17 15. Bxc6 Rxc6 16. Ne2 Qe4 {aiming for ...b5!} 17. f3 Qd5 {And now ...Re6 would win.} 18. Nxc6 Bxc6 19. Qa3 Nd7 {[%cal Bf6d7,Bd7e5,Be5f3][%mdl 32]} 20. Be3 {[#]} (20. Red1 $142 Qc5+ 21. Qxc5 Nxc5 22. Rab1) 20... Ne5 $1 {[%cal Re5f3]} 21. Nf4 $2 {[#]} (21. Bd4 {is tougher.}) 21... Nxf3+ $1 $19 {[%mdl 512]} 22. gxf3 Qxf3 {White must now prevent ...e5.} 23. Qb4 e5 24. Qd2 exf4 25. Bxf4 {[#]} Bd4+ $1 {[%mdl 512] Precision: White = 17%, Black = 80%.} 0-1

[Event "Chigorin Mem. Russian Cup 2017"]
[Site "St. Petersburg"]
[Date "2017.10.23"]
[Round "3"]
[White "Sindarov, Javokhir"]
[Black "Sakaev, Konstantin"]
[Result "1/2-1/2"]
[WhiteElo "2406"]
[BlackElo "2594"]
[Annotator "TA"]
[PlyCount "81"]
[EventDate "2017.??.??"]
[EventType "swiss"]
[EventCountry "RUS"]
[SourceTitle "playchess.com"]
[Source "ChessBase"]
[SourceQuality "1"]

{[%evp 13,81,0,0,-13,-13,-4,-1,-44,-39,-39,-49,-43,-45,-50,-35,-59,-52,-52,-45,-75,-71,-88,-85,-95,-104,-93,-108,-106,-102,-219,-222,-214,-221,-268,-216,-233,-21,-21,-21,-26,-28,-27,-23,-23,-20,-9,-25,-6,0,-6,0,-3,0,0,4,0,0,0,0,0,0,0,0,0,0,0,0,0,0,0]} 1. e4 c5 2. c3 e6 3. Nf3 d5 4. exd5 Qxd5 5. d4 Nf6 6. Bd3 Be7 7. O-O O-O {LiveBook: 329 Games} 8. h3 {B22: Sicilian: 2 c3} (8. c4 Qd8 9. dxc5 Na6 10. Nc3 Nxc5 11. Bc2 Qxd1 12. Rxd1 b6 13. Ne5 {½-½ (13) Kryvoruchko,Y (2714)-Duda,J (2693) Chartres 2017}) 8... b6 9. Bg5 $146 ({Predecessor:} 9. Be3 Rd8 10. Qe2 Nbd7 11. Rd1 Qc6 12. Bf4 Bb7 13. Nbd2 Bd6 14. Bxd6 Qxd6 15. Ne4 Qc7 16. dxc5 Nxc5 17. Nxf6+ gxf6 {0-1 (64) Pavlik,V (1719)-Chlebek,J (1789) Kouty nad Desnou 2017}) 9... Bb7 10. Nbd2 cxd4 11. cxd4 Nc6 12. Be3 Rac8 13. Rc1 Na5 ({Much worse is} 13... Qxa2 14. Nc4 $11) 14. b3 Nc6 15. Nc4 Rfd8 16. Qe2 b5 17. Ncd2 a6 {[%cal Ba7a6,Ba6a5][%mdl 32]} 18. a4 {[%cal Ra4b5]} Nb4 19. Bb1 bxa4 20. bxa4 a5 {Hoping for ...Ba6.} 21. Nc4 (21. Rfe1 $17 {was necessary.}) 21... Ba6 $19 22. Nfe5 Rc7 {...Rdc8 is the strong threat.} 23. Rc3 Rdc8 24. Rfc1 Bd6 $2 {[#]} (24... g6 $19 {Threatens to win with ...Nd7.} 25. Bd3 Nxd3 26. Qxd3 Qe4) 25. Nxd6 $11 Rxc3 26. Nxc8 Rxc1+ 27. Bxc1 Bxe2 28. Ne7+ Kf8 29. Nxd5 Nfxd5 30. Bd2 h6 {The position is equal.} 31. Be4 Bd1 32. Nc4 Bxa4 33. Nxa5 Nc6 34. Bxd5 exd5 35. Nxc6 Bxc6 {[%mdl 4096] Endgame KB-KB} 36. f3 f6 37. Kf2 Kf7 38. Bb4 Bb5 39. h4 h5 40. Bc5 Bc4 41. Kg3 {Precision: White = 67%, Black = 76%.} 1/2-1/2

[Event "Chigorin Mem. Russian Cup 2017"]
[Site "St. Petersburg"]
[Date "2017.10.23"]
[Round "3"]
[White "Erenberg, Ariel"]
[Black "Alekseenko, Kirill"]
[Result "0-1"]
[WhiteElo "2401"]
[BlackElo "2563"]
[Annotator "TA"]
[PlyCount "78"]
[EventDate "2017.??.??"]
[EventType "swiss"]
[EventCountry "RUS"]
[SourceTitle "playchess.com"]
[Source "ChessBase"]
[SourceQuality "1"]

{[%evp 19,78,31,27,35,34,0,38,26,49,15,11,25,37,13,22,17,21,12,50,27,28,7,7,0,0,0,1,-2,-8,-8,0,0,0,-7,0,-16,-13,-39,-22,-493,-457,-659,-566,-616,-268,-346,-348,-429,-421,-426,-418,-1251,-1163,-1554,-1505,-1741,-1302,-2198,-2188,-6018,-6022]} 1. d4 d5 2. c4 dxc4 3. Nf3 a6 4. e3 Bg4 5. Bxc4 e6 6. O-O Nf6 7. h3 Bh5 8. Nc3 Nc6 9. Be2 Bd6 10. Nd2 {D22: Queen's Gambit Accepted: 3 Nf3 a6 4 e3} Bg6 {LiveBook: 5 Games} 11. Nc4 O-O 12. a3 $146 {White is slightly better.} ({Predecessor:} 12. Nxd6 cxd6 13. Bd2 e5 14. d5 Ne7 15. Qb3 Rb8 16. a4 Ne4 17. Be1 Qd7 {½-½ (33) Khmelniker,I (2447)-Romanishin,O (2570) Vlissingen 2005}) 12... Qe8 13. b4 Ne7 14. Bf3 Ned5 15. Bb2 Rd8 16. Qe2 Nxc3 17. Bxc3 Be4 18. Rfc1 Qe7 19. Bb2 h6 20. Rd1 c6 21. Rac1 Bb8 22. g3 Qd7 23. Ne5 Qd5 24. Rc5 Bxf3 25. Nxf3 Qe4 26. Rcc1 Qf5 27. Kg2 Ne4 28. Qc2 Rd5 29. Ne1 $2 {[%mdl 8192]} (29. Qe2 $11) 29... Qg6 $1 $19 30. g4 (30. f3 $142 Qxg3+ 31. Kf1 Qxh3+ 32. Qg2 Ng3+ 33. Kf2) 30... f5 {[%cal Bf7f5,Bf5g4][%mdl 32]} 31. f3 Nf6 (31... fxg4 $142 32. hxg4 {[#]} Rxf3 $1 {[%mdl 512]} 33. Kxf3 Rf5+ $1 {[%mdl 512]} 34. Ke2 (34. gxf5 {gets mated.} Qh5+ 35. Kg2 Qh2+ 36. Kf3 Ng5+ 37. Kg4 Qh3#) 34... Rf2+ 35. Kd3 Rxc2 36. Kxc2 Nf2+ 37. Rd3 Nxd3 38. Nxd3 Qxg4) 32. Rd2 h5 33. Kg1 hxg4 34. hxg4 {Now Rg2 and White clings on.} Qh6 35. Qd3 (35. g5 $142 Qxg5+ 36. Rg2 Qxe3+ 37. Qf2) 35... fxg4 {Black is clearly winning.} 36. f4 Rh5 {( -> ...Rh1+)} 37. Rg2 Rh3 38. Kf1 Nd5 39. Nc2 {[#]} Nxf4 $1 {[%mdl 512] Precision: White = 12%, Black = 56%.} 0-1

[Event "Chigorin Mem. Russian Cup 2017"]
[Site "St. Petersburg"]
[Date "2017.10.23"]
[Round "3"]
[White "Bryakin, Mikhail"]
[Black "Paravyan, David"]
[Result "0-1"]
[WhiteElo "2391"]
[BlackElo "2548"]
[Annotator "TA"]
[PlyCount "94"]
[EventDate "2017.??.??"]
[EventType "swiss"]
[EventCountry "RUS"]
[SourceTitle "playchess.com"]
[Source "ChessBase"]
[SourceQuality "1"]

{[%evp 11,94,12,16,-33,-33,-32,-31,-29,-32,-52,-48,-54,-56,-44,-41,-56,-59,-67,-67,-75,-45,-92,-101,-119,-127,-116,-125,-102,-92,-107,-68,-92,-95,-102,-94,-79,-83,-104,-115,-112,-114,-125,-119,-125,-128,-133,-128,-126,-126,-151,-165,-201,-141,-125,-104,-304,-298,-325,-311,-317,-300,-302,-308,-308,-310,-284,-302,-321,-343,-386,-382,-539,-539,-536,-526,-869,-854,-4838,-4718,-4827,-3164,-29984,-29985,-29991,-29992]} 1. d4 Nf6 2. c4 g6 3. Nc3 d5 4. Bg5 Bg7 5. e3 c5 6. cxd5 {D80: Grünfeld: Unusual White 4th moves and 4 Bg5} Nxd5 {LiveBook: 4 Games} 7. Bc4 $146 ({Predecessor:} 7. Bb5+ Bd7 8. Bxd7+ Qxd7 9. Qb3 Nxc3 10. bxc3 Nc6 11. Nf3 Na5 12. Qb1 O-O 13. O-O Rac8 {0-1 (39) Kovalenko,I (2680)-Sychev,K (2415) Minsk 2015}) 7... Nxc3 8. bxc3 {Black is slightly better.} cxd4 9. exd4 Qc7 10. Qb3 O-O 11. Ne2 Nc6 {[#] And now ...Na5 would win.} 12. Bd3 b6 13. O-O Bb7 14. Rac1 e5 15. Qb1 Qd7 {[%cal Re5d4]} 16. dxe5 Qg4 (16... Bxe5 17. h3 $11) 17. Be3 Nxe5 {[%csl Gb7][%cal Rg4g2]} 18. Ng3 Nxd3 19. Qxd3 Rad8 20. Qb5 Qe6 21. Rfe1 Rd5 22. Qb3 Qc6 {( -> ...Rd2!)} 23. f3 Rd3 $40 {[%mdl 128] Black is out for blood.} 24. Bd4 Rc8 25. Bxg7 Kxg7 26. Ne4 Qc4 27. Qa3 Bxe4 28. Rxe4 Qc5+ 29. Qxc5 Rxc5 $17 {[%mdl 4096] Endgame KRR-KRR} (29... bxc5 30. Rc2 $11) 30. Re7 a5 (30... Rcxc3 $6 31. Rxc3 Rxc3 32. Rxa7 $11) 31. Rb7 Rd2 32. h4 Re5 {Hoping for ...Ree2.} 33. Rxb6 $2 (33. Kh2 $17) 33... Ree2 $19 ({But not} 33... Rxa2 34. Kh2 $19) 34. Kh2 Rxg2+ 35. Kh3 Rh2+ ({Don't do} 35... Rxa2 36. Ra1 $19) 36. Kg3 Rdg2+ ({Much less strong is} 36... Rxa2 37. c4 $19) 37. Kf4 Rxh4+ 38. Ke3 Rxa2 39. Rc6 a4 {[%cal Ba5a4,Ba4a3,Ba3a2][%mdl 32]} 40. Rd1 Rhh2 41. Rd7 (41. Rc7 {was called for.} Rae2+ 42. Kf4) 41... Rae2+ 42. Kf4 Rh5 43. Rd3 Ra5 44. c4 a3 45. Rd5 Ra4 46. Rd7 a2 47. Rcc7 {[#]} Rxc4+ $1 {[%mdl 512] Precision: White = 35%, Black = 82%.} 0-1

[Event "Chigorin Mem. Russian Cup 2017"]
[Site "St. Petersburg"]
[Date "2017.10.24"]
[Round "4"]
[White "Sjugirov, Sanan"]
[Black "Schekachikhin, Maksim"]
[Result "1-0"]
[WhiteElo "2650"]
[BlackElo "2348"]
[Annotator "TA"]
[PlyCount "69"]
[EventDate "2017.??.??"]
[EventType "swiss"]
[EventCountry "RUS"]
[SourceTitle "playchess.com"]
[Source "ChessBase"]
[SourceQuality "1"]

{[%evp 18,69,0,0,0,0,0,0,0,0,10,0,8,12,20,0,29,11,55,52,50,41,79,77,82,71,99,95,103,96,118,93,145,146,121,132,160,154,355,330,455,475,941,925,869,804,1611,1414,2122,1778,29989,29987,29995,29991]} 1. d4 d5 2. c4 c6 3. Nf3 Nf6 4. Nc3 e6 5. Bg5 h6 6. Bxf6 Qxf6 7. e3 g6 8. Rc1 {D43: Semi-Slav: 5 Bg5 h6} (8. Be2 Bg7 9. e4 O-O 10. e5 Qe7 11. O-O Nd7 12. Re1 Rd8 13. Qc2 dxc4 14. Bxc4 b5 15. Be2 Bb7 {1-0 (68) Inarkiev,E (2702)-Gelfand,B (2729) Nazran 2017}) 8... Nd7 9. cxd5 exd5 10. Bd3 {LiveBook: 14 Games. The position is equal.} Qe7 11. Qc2 Nf6 $146 ({Predecessor:} 11... Nb6 12. Ne5 Bg7 13. f4 O-O 14. O-O Nd7 15. Rce1 Nf6 16. a3 {½-½ (44) Slugin,S (2440)-Maletin,P (2621) St Petersburg 2010}) 12. Ne5 Bg7 13. O-O O-O 14. f4 Ng4 15. Rce1 Nxe5 16. fxe5 Be6 17. Ne2 Rac8 18. Nf4 c5 19. Qf2 cxd4 20. exd4 Rc6 21. a3 Qc7 22. Kh1 Qb6 23. h3 h5 24. Bb1 {[%cal Bd3b1,Bb1a2,Ba2d5,Bd5e4,Be4h7,Bh7g6][%mdl 32]} Bh6 (24... Qd8 $142) 25. Nxe6 $16 Rxe6 26. Ba2 Qb5 27. Qf3 Qxb2 $2 {[#]} (27... Re7 $16 {might work better.} 28. Bxd5 (28. Qxd5 Qxd5 29. Bxd5 Rd8 $14) 28... Qb6) 28. Bxd5 $18 Re7 29. Qf6 $1 {[%csl LRe7,LRg6]} Qxa3 (29... Qxd4 $142 30. Qd6 (30. Qxe7 Qxd5 31. Rd1 Qc6 $18) 30... Qd2) 30. Qxg6+ Bg7 31. Qxh5 Qb4 32. Be4 {[%csl Ge4][%cal Rh5h7] [#]} Rd8 33. e6 {Bh7+ would kill now.} Rxd4 34. Bh7+ Kh8 35. Bg6+ {Precision: White = 83%, Black = 25%.} 1-0